000 00600nam a22001937a 4500
999 _c169846
_d169846
005 20191205170419.0
010 _aA-998640
020 _c109.00
_a-
035 _aA-998640
037 _bBPPD
082 _a170
100 _aآ چا ر يہ چا نکيہ
245 _aا ر تھ شا ستر
_cآ چا ر يہ چا نکيہ
246 _aArthshastr
_bby Acharya Chanakya
260 _aN.Delhi
_c1999 ء
_bQomi Council Baraye Farogh Urdu Zuban
270 _aWest Block 1 R.K.Puram ,
_bN.Delhi
_k-
_e110066
300 _a529 ص
_c22 cm(hb)
942 _2ddc
_cUR
_h170
_mچ ا ن